Relación general de los premios propuestos por el jurado de la Exposición de Agricultura de 1857 : (Record no. 182730)

MARC details
000 -LEADER
campo de control de longitud fija 00798nam a2200193 i 4500
001 - NÚMERO DE CONTROL
campo de control 182730
003 - IDENTIFICADOR DE NÚMERO DE CONTROL
campo de control ES-MaACL
005 - FECHA Y HORA DE LA ÚLTIMA TRANSACCIÓN
campo de control 20230906221708.0
008 - DATOS DE LONGITUD FIJA--INFORMACIÓN GENERAL
campo de control de longitud fija 131021s1858 sp |||| | spa d
111 2# - ENTRADA PRINCIPAL--NOMBRE DE CONGRESO/REUNIÓN
Nombre de congreso/reunión o jurisdicción como elemento de entrada Exposición de Agricultura (
Fecha del congreso o de la firma del tratado 1857.
Sede del congreso/Lugar de la reunión Madrid)
9 (RLIN) 149398
245 10 - MENCIÓN DEL TÍTULO
Título Relación general de los premios propuestos por el jurado de la Exposición de Agricultura de 1857 :
Resto del título aprobado por Real Decreto de 3 de marzo de 1858.
260 ## - PUBLICACIÓN, DISTRIBUCIÓN, ETC.
Lugar de publicación, distribución, etc. Madrid :
Nombre del editor, distribuidor, etc. [s.n.],
Fecha de publicación, distribución, etc. 1858 (
Fabricante Impr. Nacional)
300 ## - DESCRIPCIÓN FÍSICA
Extensión 48 p. ;
Dimensiones 29 cm.
650 #4 - PUNTO DE ACCESO ADICIONAL DE MATERIA--TÉRMINO DE MATERIA
Término de materia o nombre geográfico como elemento de entrada Agricultura-
Subdivisión geográfica España-
Subdivisión de forma Exposiciones.
9 (RLIN) 149399
655 #7 - TERMINO DE INDIZACIÓN--GENERO/FORMA
Fuente del término tgfbne
9 (RLIN) 193628
Datos o término principal de género/forma Catálogos de exposiciones
852 4# - LOCALIZACIÓN
Ubicación ES-MaACL
Número de control de estantería T-395-F-5
Nota libre - Legado Gustavo Sáenz Díez y Sello de los Escolares Médicos
942 ## - ELEMENTOS DE ENTRADA SECUNDARIOS (KOHA)
Fuente del sistema de clasificación o colocación Clasificación decimal universal
Holdings
Estatus retirado Estado de pérdida Estado de daño No para préstamo Colección Biblioteca de origen Biblioteca actual Ubicación en estantería Fecha de adquisición Fuente de adquisición Total de préstamos Signatura topográfica completa Código de barras Visto por última vez Precio de reemplazo Tipo de ítem Koha
        Colección de folletos Biblioteca del Ateneo de Madrid Biblioteca del Ateneo de Madrid Depósito folletos 21/10/2013     T-395-F-5 1192043 23/02/2023 23/02/2023 Folleto